Statistiken für Tales of Charaktere

Klicken Sie hier um das Quiz zu spielen!

Allgemein

  • Dieses Quiz wurde 20 mal gespielt
  • Das Durchschnittsergebnis liegt bei 64 aus 124

Antwortstatistiken

HintAntwort% Korrekt
Tales of GracesRichard
100%
Tales of GracesSophie
100%
Tales of PhantasiaArche Klein
75%
Tales of PhantasiaChester Burklight
75%
Tales of PhantasiaClaus F. Lester
75%
Tales of SymphoniaColette Brunel
75%
Tales of PhantasiaCress Albane
75%
Tales of VesperiaEstellise Sidos Heurassein
75%
Tales of EterniaFarah Oersted
75%
Tales of VesperiaFlynn Scifo
75%
Tales of SymphoniaGenis Sage
75%
Tales of the AbyssGuy Cecil
75%
Tales of VesperiaJudith
75%
Tales of SymphoniaKratos Aurion
75%
Tales of SymphoniaLloyd Irving
75%
Tales of PhantasiaMint Adenade
75%
Tales of GracesPascal
75%
Tales of SymphoniaPresea Combatir
75%
Tales of SymphoniaRaine Sage
75%
Tales of SymphoniaRegal Bryant
75%
Tales of VesperiaRepede
75%
Tales of VesperiaRita Mordio
75%
Tales of SymphoniaSheena Fujibayashi
75%
Tales of PhantasiaSuzu Fujibayashi
75%
Tales of the AbyssTear Grants
75%
Tales of VesperiaYuri Lowell
75%
Tales of SymphoniaZelos Wilder
75%
Tales of RebirthAgarte Lindblum
50%
Tales of InnocenceAnge Serena
50%
Tales of the AbyssAnise Tatlin
50%
Tales of RebirthAnnie Barrs
50%
Tales of GracesAsbel Lhant
50%
Tales of HeartsBeryl Benito
50%
Tales of DestinyBruiser Khang
50%
Tales of HeartsChalcedony Akerman
50%
Tales of EterniaChat
50%
Tales of DestinyChelsea Torn
50%
Tales of GracesCheria Barnes
50%
Tales of LegendiaChloe Valens
50%
Tales of RebirthClaire Bennett
50%
Tales of ZestiriaDezel
50%
Tales of ZestiriaEdna
50%
Tales of BerseriaEizen
50%
Tales of BerseriaEleanor Hume
50%
Tales of XilliaElize Lutus
50%
Tales of RebirthEugene Gallardo
50%
Tales of HeartsGall Gruner
50%
Tales of DestinyGarr Kelvin
50%
Tales of LegendiaGrune
50%
Tales of Destiny 2Harold Berselius
50%
Tales of InnocenceHermana Larmo
50%
Tales of RebirthHilda Rhambling
50%
Tales of HeartsHisui Hearts
50%
Tales of GracesHubert Oswell
50%
Tales of InnocenceIllia Animi
50%
Tales of HeartsInes Lorenzen
50%
Tales of the AbyssIon
50%
Tales of the AbyssJade Curtiss
50%
Tales of LegendiaJay
50%
Tales of Destiny 2Judas
50%
Tales of XilliaJude Mathis
50%
Tales of VesperiaKarol Capel
50%
Tales of DestinyKaryl Sheeden
50%
Tales of EterniaKeele Zeibel
50%
Tales of HeartsKohaku Hearts
50%
Tales of InnocenceKongwai Tao
50%
Tales of HeartsKor Meteor
50%
Tales of HeartsKunzite
50%
Tales of Destiny 2Kyle Dunamis
50%
Tales of ZestiriaLailah
50%
Tales of BerseriaLaphicet
50%
Tales of DestinyLeon Magnus
50%
Tales of Destiny 2Loni Dunamis
50%
Tales of the AbyssLuke fon Fabre
50%
Tales of BerseriaMagilou
50%
Tales of RebirthMao
50%
Tales of DestinyMary Argent
50%
Tales of EterniaMax
50%
Tales of EterniaMeredy
50%
Tales of Xillia 2Milla
50%
Tales of SymphoniaMithos
50%
Tales of LegendiaMoses Sandor
50%
Tales of Destiny 2Nanaly Fletcher
50%
Tales of the AbyssNatalia L.K.Lanvaldear
50%
Tales of LegendiaNorma Beatty
50%
Tales of VesperiaPatty Fleur
50%
Tales of DestinyPhilia Felice
50%
Tales of InnocenceQQ Selezneva
50%
Tales of EterniaRassius Luine
50%
Tales of VesperiaRaven
50%
Tales of Destiny 2Reala
50%
Tales of EterniaReid Hershel
50%
Tales of InnocenceRicardo Soldato
50%
Tales of ZestiriaRose
50%
Tales of InnocenceRuca Milda
50%
Tales of DestinyRutee Katrea
50%
Tales of LegendiaSenel Coolidge
50%
Tales of LegendiaShirley Fennes
50%
Tales of InnocenceSpada Belforma
50%
Tales of DestinyStahn Aileron
50%
Tales of RebirthTytree Crowe
50%
Tales of RebirthVeigue Lungberg
50%
Tales of BerseriaVelvet Crowe
50%
Tales of LegendiaWill Raynard
50%
Tales of ZestiriaAlisha Diphda
25%
Tales of AriseAlphen
25%
Tales of XilliaAlvin
25%
Tales of AriseDohalim il Qaras
25%
Tales of Xillia 2Gaius
25%
Tales of AriseHootle
25%
Tales of AriseKisara
25%
Tales of AriseLaw
25%
Tales of XilliaLeia Rolando
25%
Tales of Xillia 2Ludger Will Kresnik
25%
Tales of GracesMailk Caesar
25%
Tales of ZestiriaMikleo
25%
Tales of XilliaMilla Maxwell
25%
Tales of Xillia 2Muzet
25%
Tales of AriseRinwell
25%
Tales of BerseriaRokurou Rangetsu
25%
Tales of XilliaRowen J. Ilbert
25%
Tales of AriseShionne
25%
Tales of ZestiriaSorey
25%
Tales of ZestiriaZaveid
25%

Verteilung der Resultate

Perzentil nach korrekt beantworteten Fragen

Anzahl Personen mit jedem Resultat

Ihre Resultats-Entwicklung

Sie haben dieses Quiz noch nicht gespielt